| 000 | 00386nam a2200133Ia 4500 | ||
|---|---|---|---|
| 999 |
_c20141 _d20141 |
||
| 082 | _aRR 016.3092 MON | ||
| 100 | _aMonie, Joanna | ||
| 245 | 0 | _aSocial policy and its administration : A survey of the Australian literature 1950-1975 | |
| 260 |
_aAustralia _bPergamon Press _c1977 |
||
| 300 | _axvi, 594p. | ||
| 504 | _aIndex : p.523-94 | ||
| 710 | _aWise, Adrienne jt. au. | ||
| 942 | _cBK | ||